| 000 | 00649cam a2200217 4500 | ||
|---|---|---|---|
| 005 | 20220330123134.0 | ||
| 008 | 180813s2000 mx |||||| |||||||spa | ||
| 020 | _a9682322715 | ||
| 020 | _a9789682322716 | ||
| 050 | 0 | 4 |
_aHN428 _bM53 2000 |
| 100 | 1 | _aMichelet, Jules. | |
| 245 | 1 | 3 |
_aEl estudiante _c/ Jules Michelet ; prol. Gaetan Picon. |
| 250 | _a2a. ed. | ||
| 260 |
_aMéxico : _bSiglo veintiuno, _c2000. |
||
| 300 |
_alxxxiv, 213 p. ; _c18 cm |
||
| 500 | _aTraducción de : L'etudiant. | ||
| 504 | _aIncluye bibliografías | ||
| 650 | 4 |
_2Lemb _aFrancia _xCondiciones sociales |
|
| 700 | 1 |
_aPicon, Gaetan, _eprol. |
|
| 942 |
_2lcc _cLIB |
||
| 999 |
_c95283 _d95283 |
||